| 000 | 00751nam a2200241Ia 4500 | ||
|---|---|---|---|
| 003 | OSt | ||
| 005 | 20210511120249.0 | ||
| 008 | 210310s1979 enk gr 000 0 eng d | ||
| 020 | _a0297776495 | ||
| 040 |
_aCO-JMCR _cCO-JMCR |
||
| 041 | 0 | _aeng | |
| 082 | 0 | 4 |
_a336.001 / _bP936p1 _223 |
| 100 | 1 |
_aPrest, Alan Richmond, _915193 _eautor |
|
| 245 | 1 | 0 |
_aPublic finance in theory and practice / _cA. R. Prest, N. A. Barr |
| 250 | _aSexta edición | ||
| 260 |
_aLondon : _bWeidenfeld and Nicolson, _c1979 |
||
| 300 |
_axvi, 552 páginas ; _c22 cm. |
||
| 500 | _aIncluye notas a pie de página. | ||
| 505 | 0 | _aPrinciples -- Institutions -- Policy | |
| 650 | 1 | 4 |
_aFinanzas públicas _915195 |
| 700 | 1 |
_aBarr, N. A., _eautor _937540 |
|
| 942 |
_2ddc _cBK |
||
| 999 |
_c7699 _d7699 |
||